Modernos aspectos de la medicina clínica / (Record no. 80579)

MARC details
000 -LEADER
campo de control de longitud fija 00729nam a2200205 i 4500
001 - NÚMERO DE CONTROL
campo de control 80579
003 - IDENTIFICADOR DE NÚMERO DE CONTROL
campo de control ES-MaACL
005 - FECHA Y HORA DE LA ÚLTIMA TRANSACCIÓN
campo de control 20250806053932.0
007 - CAMPO FIJO DE DESCRIPCIÓN FÍSICA--INFORMACIÓN GENERAL
campo de control de longitud fija t|
008 - DATOS DE LONGITUD FIJA--INFORMACIÓN GENERAL
campo de control de longitud fija 041028s1953 sp a |||| | spa d
100 1# - ENTRADA PRINCIPAL--NOMBRE DE PERSONA
Nombre de persona Hoff, Ferdinand.
9 (RLIN) 63932
245 10 - MENCIÓN DEL TÍTULO
Título Modernos aspectos de la medicina clínica /
Mención de responsabilidad, etc. por Ferdinand Hoff ; traducción del alemán por N. Lloret Barber y José Mª Masriera y Sagalés.
260 ## - PUBLICACIÓN, DISTRIBUCIÓN, ETC.
Lugar de publicación, distribución, etc. Barcelona :
Nombre del editor, distribuidor, etc. Científico-Médica,
Fecha de publicación, distribución, etc. 1953 (
Fabricante Delriu)
300 ## - DESCRIPCIÓN FÍSICA
Extensión VII, 428 p. :
Otras características físicas il. ;
Dimensiones 25 cm.
650 07 - PUNTO DE ACCESO ADICIONAL DE MATERIA--TÉRMINO DE MATERIA
Término de materia o nombre geográfico como elemento de entrada Medicina clínica
Fuente del encabezamiento o término embne
9 (RLIN) 14921
700 1# - ENTRADA AGREGADA--NOMBRE PERSONAL
Nombre de persona Lloret Barber, N.
9 (RLIN) 72921
700 1# - ENTRADA AGREGADA--NOMBRE PERSONAL
Nombre de persona Masriera y Sagalés, José María.
9 (RLIN) 78779
852 ## - LOCALIZACIÓN
Ubicación ES-MaACL
Número de control de estantería D-6622
Holdings
Estatus retirado Estado de pérdida Estado de daño No para préstamo Biblioteca de origen Biblioteca actual Ubicación en estantería Fecha de adquisición Fuente de adquisición Total de préstamos Signatura topográfica completa Código de barras Visto por última vez Precio de reemplazo Tipo de ítem Koha
        Biblioteca del Ateneo de Madrid Biblioteca del Ateneo de Madrid Sala Valle Inclán 17/01/2008     D-6622 901084246 23/02/2023 23/02/2023 Libro impreso